| 000 | 00713nam a22002177a 4500 | ||
|---|---|---|---|
| 003 | UA-OsUOA | ||
| 001 | 58116 | ||
| 007 | ta | ||
| 008 | 20090127b un ||||| |||| 00| 0 ukr d | ||
| 100 | _aХайдеггер М. | ||
| 090 |
_a101 _bХ-78 |
||
| 942 | _cSA | ||
| 040 |
_aUA-OsUOA _brus _cUA-OsUOA _dUA-OsUOA |
||
| 245 | _aКто такой ницшевский Заратустра? (перевод и примечания И.А. Болдырева) | ||
| 300 | _aС.3-26 | ||
| 955 | _a0 | ||
| 041 | _arus | ||
| 080 | _a101 | ||
| 773 | 0 |
_w58115 _tВестник Московского университета. Серия 7. Философия _dМ. _d2008 _g4 |
|
| 650 | 7 |
_a1 Філософські науки _2UDC |
|
| 999 |
_c344200 _d344200 |
||